| 000 | 00347nam a22001457a 4500 | ||
|---|---|---|---|
| 008 | 210312b ||||| |||| 00| 0 eng d | ||
| 020 | _a9780072875065 | ||
| 041 | _aeng | ||
| 080 |
_24th _a611 |
||
| 082 | _a611 | ||
| 100 | _a6 | ||
| 101 | _aANA | ||
| 245 |
_aAnatomy Physiology the Unity of Form and Function _cSaladin, K. S |
||
| 942 |
_2udc _cBK |
||
| 999 |
_c56593 _d56593 |
||